Gardening for health and nutrition : (Record no. 184080)

000 -LEADER
fixed length control field 00952 a2200193 4500
003 - CONTROL NUMBER IDENTIFIER
control field Nust
005 - DATE AND TIME OF LATEST TRANSACTION
control field 20230504131830.0
020 ## - INTERNATIONAL STANDARD BOOK NUMBER
International Standard Book Number 0060665351
040 ## - CATALOGING SOURCE
Transcribing agency Nust
082 ## - DEWEY DECIMAL CLASSIFICATION NUMBER
Classification number 635,PHI
100 ## - MAIN ENTRY--PERSONAL NAME
Personal name John & Helen Philbrick
9 (RLIN) 112118
245 ## - TITLE STATEMENT
Title Gardening for health and nutrition :
Remainder of title an introduction to the method of Bio-Dynamic gardening /
Statement of responsibility, etc. John & Helen Philbrick
260 ## - PUBLICATION, DISTRIBUTION, ETC.
Place of publication, distribution, etc. New York
Name of publisher, distributor, etc. Harper & Row
Date of publication, distribution, etc. 1963
300 ## - PHYSICAL DESCRIPTION
Extent 96 p
Other physical details illus
Dimensions 18 cm
505 ## - FORMATTED CONTENTS NOTE
Formatted contents note The Bio dynamic gardener (Page-17), Planning the vegetable garden (Page-20), The typical Bio dynamic garden raised beds (page-23), Seeds (Page-28), How much of each vegetable to plant tools (Page-31), Saving seeds (Page-83), Flowers (Page-85),The home orchard (Page-86), Most frequently asked questions (Page-88).
600 ## - SUBJECT ADDED ENTRY--PERSONAL NAME
Personal name John & Helen Philbrick
9 (RLIN) 112118
650 ## - SUBJECT ADDED ENTRY--TOPICAL TERM
Topical term or geographic name entry element Gardening for health and nutrition an introduction to the method of Bio-Dynamic gardening
9 (RLIN) 112119
942 ## - ADDED ENTRY ELEMENTS (KOHA)
Source of classification or shelving scheme
Koha item type Book
Holdings
Withdrawn status Lost status Source of classification or shelving scheme Damaged status Not for loan Permanent Location Current Location Shelving location Date acquired Full call number Barcode Date last seen Price effective from Koha item type Public note
          Military College of Signals (MCS) Military College of Signals (MCS) General Stacks 12/12/2016 635,PHI MCS21382 12/08/2016 12/12/2016 Book Almirah No.74, Shelf No.8
© 2023 Central Library, National University of Sciences and Technology. All Rights Reserved.